000 00503nam a2200145 i 4500
001 79519
003 ES-MaACL
007 t|
008 041021s1946 mx ||||1| spa d
100 1 _aHernández Ruiz, Santiago.
_963047
245 1 0 _aPsicopedagogía del interés
_b: estudio histórico, crítico, psicológico /
_cpor Santiago Hernández Ruiz.
260 _aMéxico :
_bEdit. Hispano-Americana,
_c1946 (
_fManuel Altolaguirre)
300 _aXV, 313 p. ;
_c23 cm.
852 _aES-MaACL
_jC-5902
_bR.35219
999 _c79519
_d79519